[Event "Winter Tournament 2015/16  1500-2300"]
[Site "SchemingMind.com"]
[Date "2016.01.03"]
[Round "-"]
[White "flyinduck"]
[Black "The Stonewall"]
[Result "1/2-1/2"]
[WhiteCountry "CAN"]
[BlackCountry "ENG"]
[WhiteElo "2064"]
[WhiteRD "54"]
[BlackElo "2238"]
[BlackRD "77"]
[GameID "392990"]

1. d4 e6 2. c4 f5 3. Nc3 Nf6 4. Nf3 Bb4 5. Bf4 Ne4 6. Qc2 Bxc3+ 7. bxc3 O-O 8. e3 b6 9. h4 Bb7 10. Nd2 d6
11. f3 Nxd2 12. Qxd2 Nd7 13. Bd3 Qe8 14. O-O-O e5 15. Bh2 e4 16. Be2 Nf6 17. Bf4 Nh5 18. Bh2 Qa4 19. Qc2 Qa3+ 20. Kb1 Bc6
21. Qb3 Qxb3+ 22. axb3 exf3 23. gxf3 Rfe8 24. Rd3 Nf6 25. Re1 a5 26. Bd1 Ra7 27. Rd2 g6 28. d5 Bd7 29. Kb2 Kf7 30. Bc2 Raa8
31. Rde2 Re7 32. Bf4 Kg7 33. Bg5 Rae8 34. b4 axb4 35. cxb4 h6 36. Bf4 Nh5 37. Bh2 Nf6 38. Bf4 Nh5 39. Bh2 Nf6 40. Bf4
1/2-1/2

[Event "Winter Tournament 2015/16  1500-2300"]
[Site "SchemingMind.com"]
[Date "2016.01.09"]
[Round "-"]
[White "The Stonewall"]
[Black "Eric Caesar"]
[Result "1-0"]
[WhiteCountry "ENG"]
[BlackCountry "NED"]
[WhiteElo "2238"]
[WhiteRD "77"]
[BlackElo "1865"]
[BlackRD "65"]
[GameID "393197"]

1. e4 e6 2. d4 d5 3. Bd3 dxe4 4. Bxe4 Nf6 5. Bf3 c5 6. Ne2 Nc6 7. Be3 cxd4 8. Nxd4 Nxd4 9. Bxd4 Bb4+ 10. c3 Be7
11. O-O O-O 12. Qb3 Bd7 13. Qxb7 Rb8 14. Qxa7 Rxb2 15. Bxf6 Bxf6 16. Rd1 Qb8 17. Qxd7 Qb6 18. Rf1 Rd8 19. Qc6 Qb8 20. a4 Rc8
21. Qe4 Qa7 22. a5 Qa6 23. Rd1 g6 24. Qd3 Qa7 25. Rd2 Rcb8 26. Rxb2 Rxb2 27. Nd2 Bg5 28. Ne4 Be7 29. a6 f5 30. Qd4
1-0

[Event "Winter Tournament 2015/16  1500-2300"]
[Site "SchemingMind.com"]
[Date "2016.01.04"]
[Round "-"]
[White "Eric Caesar"]
[Black "The Stonewall"]
[Result "0-1"]
[WhiteCountry "NED"]
[BlackCountry "ENG"]
[WhiteElo "1932"]
[WhiteRD "66"]
[BlackElo "2227"]
[BlackRD "82"]
[GameID "393198"]

1. d4 e6 2. Nf3 f5 3. g3 Nf6 4. Bg2 Be7 5. O-O O-O 6. c3 d6 7. Nbd2 Qe8 8. Qb3 Nc6 9. Re1 Qh5 10. e4 fxe4
11. Nxe4 Nxe4 12. Rxe4 Rb8 13. c4 b5 14. Re3 Na5 15. Qc2 Nxc4 16. Rb3 Bb7 17. a4 Bxf3
0-1

[Event "Winter Tournament 2015/16  1500-2300"]
[Site "SchemingMind.com"]
[Date "2016.01.04"]
[Round "-"]
[White "Phillip Beckett"]
[Black "Eric Caesar"]
[Result "0-1"]
[WhiteCountry "ENG"]
[BlackCountry "NED"]
[WhiteElo "1580"]
[WhiteRD "48"]
[BlackElo "1932"]
[BlackRD "66"]
[GameID "393199"]

1. e4 e6 2. d4 d5 3. Nd2 Nf6 4. e5 Nfd7 5. f4 c5 6. c3 f6 7. Ndf3 Nc6 8. Ne2 Qb6 9. g3 cxd4 10. cxd4 fxe5
11. fxe5 Ndxe5 12. Nxe5 Nxe5 13. dxe5 Bc5 14. Nc3 O-O 15. Bh3 Bf2+ 16. Ke2 Bxg3 17. hxg3 Qf2+ 18. Kd3 Rf3+ 19. Be3 Rxe3+ 20. Kd4 Re4+
21. Kd3 Rd4#
0-1

[Event "Winter Tournament 2015/16  1500-2300"]
[Site "SchemingMind.com"]
[Date "2016.01.04"]
[Round "-"]
[White "Eric Caesar"]
[Black "Phillip Beckett"]
[Result "1-0"]
[WhiteCountry "NED"]
[BlackCountry "ENG"]
[WhiteElo "1888"]
[WhiteRD "66"]
[BlackElo "1577"]
[BlackRD "47"]
[GameID "393200"]

1. d4 d5 2. Nf3 Nf6 3. c4 e6 4. Nc3 Be7 5. Bf4 c6 6. e3 O-O 7. Bd3 Nbd7 8. O-O Re8 9. Re1 dxc4 10. Bxc4 Nf8
11. e4 Ng6 12. Bg5 h6 13. Be3 Bb4 14. Qc2 e5 15. dxe5 Nxe5 16. Nxe5 Rxe5 17. Bxf7+ Kxf7 18. Qb3+ Kf8 19. Qxb4+ Kg8 20. Rad1 Qf8
21. Qxf8+ Kxf8 22. f3 Re8 23. Rd6 Kf7 24. Red1 Be6 25. b3 Rac8 26. Bxa7 Ke7 27. R6d2 Ra8 28. Bc5+ Kf7 29. g4 Ng8 30. h3 Nf6
31. Kf2 Nd7 32. Be3 Re7 33. Ne2 Ne5 34. Nd4 Rae8 35. Nxe6 Rxe6 36. Bd4 Ng6 37. Bc3 Nf8 38. Bb4 b6 39. Bxf8 Kxf8 40. Rd8 Rxd8
41. Rxd8+ Ke7 42. Rd3 c5 43. h4 b5 44. h5 Rc6 45. Ke3 c4 46. bxc4 bxc4 47. Rc3 Ke6 48. f4 Ra6 49. a3 Ra4 50. Kd4 Kd6
51. e5+ Ke6 52. f5+ Ke7 53. Rxc4 Rxa3 54. Rc7+ Kf8 55. Ke4 Ra4+ 56. Kf3 Ra5 57. e6 Ra3+ 58. Kf4 Ra4+ 59. Kg3 Ra3+ 60. Kh4 Ra4
61. Rf7+ Kg8 62. Kg3 Ra3+ 63. Kf4 Ra4+ 64. Ke5 Ra5+ 65. Kd6 Ra6+ 66. Kc5 Ra5+ 67. Kb6 Ra4 68. Rc7 Rxg4 69. Kc6 Rc4+ 70. Kd7 Rd4+
71. Ke7 Rd5 72. Rc8+ Kh7 73. f6 gxf6 74. Kf7 f5 75. e7 Rd7 76. Kf8
1-0

[Event "Winter Tournament 2015/16  1500-2300"]
[Site "SchemingMind.com"]
[Date "2016.01.04"]
[Round "-"]
[White "Scooter"]
[Black "Eric Caesar"]
[Result "0-1"]
[WhiteCountry "USA"]
[BlackCountry "NED"]
[WhiteElo "1712"]
[WhiteRD "48"]
[BlackElo "1888"]
[BlackRD "66"]
[GameID "393201"]

1. d4 Nf6 2. Nf3 e6 3. Bg5 d5 4. e3 h6 5. Bxf6 Qxf6 6. Be2 c5 7. Bb5+ Bd7 8. Bxd7+ Nxd7 9. c3 Bd6 10. O-O O-O
11. Nbd2 e5 12. dxe5 Nxe5 13. Nxe5 Bxe5 14. Nf3 Rad8 15. Qc2 Bc7 16. Rad1 Rfe8 17. Rd2 Rd6 18. Rfd1 Red8 19. Qb3 Rb6 20. Qc2 Rbd6
21. b3 b5 22. c4 dxc4 23. bxc4 b4 24. Rxd6 Rxd6 25. Kf1 Rxd1+ 26. Qxd1 Qd6 27. Qxd6 Bxd6 28. Ke2 Kf8 29. g3 Ke7 30. Kd3 Ke6
31. Nd2 a5 32. Nb3 a4 33. Nd2 f5 34. e4 f4 35. g4 Be5 36. h4 Bf6 37. h5 Bd4 38. f3 Kf6 39. Kc2 Kg5 40. Kd3 Kh4
41. Kc2 Kg3 42. Kd3 Kf2 43. Kc2 Ke3 44. Kd1 Kd3 45. Nb1 Kxc4 46. Kc2 Be3 47. Nd2+ Kd4 48. Nf1 Bf2 49. Kd2 Bh4 50. Kc2 Bf6
51. Kd2 c4 52. Kc2 c3 53. Nh2 Kc4 54. Nf1 b3+ 55. axb3+ axb3+ 56. Kb1 Kd3
0-1

[Event "Winter Tournament 2015/16  1500-2300"]
[Site "SchemingMind.com"]
[Date "2016.01.04"]
[Round "-"]
[White "Eric Caesar"]
[Black "Scooter"]
[Result "1-0"]
[WhiteCountry "NED"]
[BlackCountry "USA"]
[WhiteElo "1932"]
[WhiteRD "66"]
[BlackElo "1696"]
[BlackRD "46"]
[GameID "393202"]

1. e4 c6 2. d4 d5 3. e5 Bf5 4. Nf3 e6 5. Be2 Nd7 6. O-O c5 7. c4 cxd4 8. cxd5 exd5 9. Qxd4 Bxb1 10. Rxb1 Bc5
11. Qxd5 b6 12. Bb5 Ne7 13. Bxd7+ Qxd7 14. Qxa8+ Nc8 15. Be3
1-0

[Event "Winter Tournament 2015/16  1500-2300"]
[Site "SchemingMind.com"]
[Date "2016.01.07"]
[Round "-"]
[White "Transcendent"]
[Black "Eric Caesar"]
[Result "0-1"]
[WhiteCountry "ENG"]
[BlackCountry "NED"]
[WhiteElo "1656"]
[WhiteRD "56"]
[BlackElo "1888"]
[BlackRD "66"]
[GameID "393203"]

1. d4 Nf6 2. c4 e6 3. g3 d5 4. Nf3 Be7 5. Bg2 O-O 6. O-O c6 7. Qc2 Nbd7 8. b3 b6 9. Bb2 Bb7 10. Nbd2 Rc8
11. Rac1 c5 12. Qb1 Re8 13. Rfe1 dxc4 14. Nxc4 Nf8 15. Red1 Qc7 16. dxc5 bxc5 17. Be5 Qc6 18. Bxf6 Bxf6 19. Nd6 Red8 20. Nxb7 Qxb7
21. Rxd8 Bxd8 22. Ne5 Qb6 23. Nc4 Qb8 24. Rd1 Be7 25. Qe4 h6 26. Qg4 Rd8 27. Rxd8 Qxd8 28. e3 Nh7 29. Bf1 Nf6 30. Qf3 Qd5
31. Qxd5 exd5 32. Ne5 Bd8 33. Nc6 Bb6 34. Kg2 Kf8 35. a4 Ne4 36. Bd3 Nd6 37. f3 Ke8 38. h4 c4 39. bxc4 dxc4 40. Bc2 Bxe3
41. Kf1 Kd7 42. Ke2 Kxc6 43. Kxe3 Kc5
0-1

[Event "Winter Tournament 2015/16  1500-2300"]
[Site "SchemingMind.com"]
[Date "2016.01.09"]
[Round "-"]
[White "Eric Caesar"]
[Black "Transcendent"]
[Result "1-0"]
[WhiteCountry "NED"]
[BlackCountry "ENG"]
[WhiteElo "1888"]
[WhiteRD "66"]
[BlackElo "1656"]
[BlackRD "56"]
[GameID "393204"]

1. e4 e6 2. d4 d5 3. Nc3 Bb4 4. e5 c5 5. a3 Bxc3+ 6. bxc3 Ne7 7. Qg4 O-O 8. h4 Nbc6 9. h5 cxd4 10. cxd4 Qb6
11. c3 Na5 12. h6 g6 13. Bd3 Nc4 14. Qg5 Qd8 15. Qg3 Qa5 16. Ne2 Bd7 17. Qh4 Nf5 18. Bxf5 Qd8 19. Qxd8 Rfxd8 20. Bd3 Rac8
21. Bxc4 Rxc4 22. Bg5 Rdc8 23. Kd2 Ba4 24. Rhb1 b6 25. Rb4 Kf8 26. Rab1 Ke8 27. Rxc4 Rxc4 28. Rb4 Rxb4 29. cxb4 Kd7 30. Bf6
1-0

[Event "Winter Tournament 2015/16  1500-2300"]
[Site "SchemingMind.com"]
[Date "2016.01.05"]
[Round "-"]
[White "fanfan_la_Tulipe"]
[Black "Eric Caesar"]
[Result "1/2-1/2"]
[WhiteCountry "AUT"]
[BlackCountry "NED"]
[WhiteElo "2184"]
[WhiteRD "78"]
[BlackElo "1888"]
[BlackRD "66"]
[GameID "393205"]

1. Nf3 Nf6 2. c4 c5 3. b3 g6 4. Bb2 Bg7 5. g3 O-O 6. Bg2 Nc6 7. O-O e6 8. e3 d5 9. cxd5 exd5 10. d4 Ne4
11. Ne5 Nxe5 12. dxe5 Re8 13. f3 Ng5 14. f4 Ne6 15. Qxd5 Qxd5 16. Bxd5 Rb8 17. Na3 b6 18. Nc4 Bf8 19. Rad1 Bb7 20. Bxb7 Rxb7
21. Nd6 Bxd6 22. exd6 f5 23. Bf6 Rd7 24. Rfe1 Kf7 25. Be7 Nd8 26. e4 fxe4 27. Rxe4 Nc6 28. Rde1 Nxe7 29. Rxe7+ Rexe7 30. dxe7 Rxe7
31. Rxe7+ Kxe7 32. Kf2 Ke6 33. Ke3 Kd5 34. Kd3 b5 35. g4 c4+ 36. bxc4+ bxc4+ 37. Kc3 Ke4 38. f5 gxf5 39. gxf5 Kxf5 40. Kxc4 Kg4=
1/2-1/2

[Event "Winter Tournament 2015/16  1500-2300"]
[Site "SchemingMind.com"]
[Date "2016.01.04"]
[Round "-"]
[White "Eric Caesar"]
[Black "fanfan_la_Tulipe"]
[Result "0-1"]
[WhiteCountry "NED"]
[BlackCountry "AUT"]
[WhiteElo "1865"]
[WhiteRD "65"]
[BlackElo "2192"]
[BlackRD "72"]
[GameID "393206"]

1. e4 e5 2. Nf3 Nc6 3. Bc4 Nf6 4. d4 exd4 5. O-O Nxe4 6. Nxd4 d5 7. Re1 Be7 8. Bb5 Bd7 9. Bxc6 bxc6 10. f3 Nc5
11. Qe2 Ne6 12. Nf5 Bf6 13. Nc3 O-O 14. Rb1 Rb8 15. Bd2 Nd4 16. Nxd4 Bxd4+ 17. Kh1 Bf5 18. Qd1 c5 19. Na4 Qh4 20. b3 Rfe8
21. Nb2 Bf2 22. Rxe8+ Rxe8 23. Qf1 Bg3 24. h3 Qd4 25. Ba5 Bxc2
0-1

[Event "Winter Tournament 2015/16  1500-2300"]
[Site "SchemingMind.com"]
[Date "2016.01.05"]
[Round "-"]
[White "Stephen Woodhouse"]
[Black "Eric Caesar"]
[Result "1-0"]
[WhiteCountry "ENG"]
[BlackCountry "NED"]
[WhiteElo "1805"]
[WhiteRD "50"]
[BlackElo "1865"]
[BlackRD "65"]
[GameID "393207"]

1. e4 e6 2. d4 d5 3. Nd2 Nf6 4. e5 Nfd7 5. Bd3 c5 6. c3 Nc6 7. Ne2 cxd4 8. cxd4 f6 9. exf6 Nxf6 10. O-O Bd6
11. Nf3 Qc7 12. Bg5 O-O 13. Rc1 Bd7 14. Bb1 Rae8 15. a3 Ne4 16. Bh4 Rxf3 17. gxf3 Bxh2+ 18. Kg2 e5 19. fxe4 exd4 20. exd5 Ne5
21. Rxc7
1-0

[Event "Winter Tournament 2015/16  1500-2300"]
[Site "SchemingMind.com"]
[Date "2016.01.04"]
[Round "-"]
[White "Eric Caesar"]
[Black "Stephen Woodhouse"]
[Result "1-0"]
[WhiteCountry "NED"]
[BlackCountry "ENG"]
[WhiteElo "1865"]
[WhiteRD "65"]
[BlackElo "1805"]
[BlackRD "50"]
[GameID "393208"]

1. e4 e6 2. d4 d5 3. Nc3 Nf6 4. e5 Nfd7 5. Nf3 c5 6. dxc5 Bxc5 7. Bd3 Nc6 8. Qe2 a6 9. O-O Nb4 10. Bf4 Nxd3
11. cxd3 O-O 12. d4 Be7 13. Rfc1 Nb6 14. b3 Bd7 15. Rc2 Rc8 16. Rac1 Bb4 17. Ng5 h6 18. Nf3 Qe7 19. h3 Rc6 20. Nb1 Rfc8
21. Rxc6 Rxc6 22. Rxc6 Bxc6 23. Qb2 Qc7 24. a3 Be7= 25. Nbd2 Bb5 26. g4 f6 27. Bg3 fxe5 28. Bxe5 Bd6 29. Bxd6 Qxd6 30. Ne5 Nd7
31. Nxd7 Bxd7 32. Nf3 Be8 33. Ne5 g5 34. b4 Kg7 35. Qc3 Bg6 36. Qc8 Qb6 37. Qd7+ Kf6 38. Qc8 Qd6 39. Qh8+
1-0

[Event "Winter Tournament 2015/16  1500-2300"]
[Site "SchemingMind.com"]
[Date "2016.01.09"]
[Round "-"]
[White "Eric Caesar"]
[Black "DANDYLIONHONEYBADGER"]
[Result "1-0"]
[WhiteCountry "NED"]
[BlackCountry "USA"]
[WhiteElo "1896"]
[WhiteRD "71"]
[BlackElo "1289"]
[BlackRD "73"]
[GameID "393209"]

1. e4 Nc6 2. Nf3 e5 3. Bb5 a6 4. Ba4 b5 5. Bb3 Nh6 6. O-O d6 7. c3 Qf6 8. h3 Na5 9. Bc2 Bb7 10. d3 Be7
11. Nbd2 d5 12. b4 Nc6 13. a3 a5 14. Bb2 g5 15. exd5 Nd8 16. c4 g4 17. Bxe5 Qxe5 18. Nxe5 gxh3 19. Qh5 hxg2 20. Rfe1 Rg8
21. Qxh6 Bg5 22. Qxh7 Rf8 23. Nxf7+ Be7 24. Nd6+
1-0

[Event "Winter Tournament 2015/16  1500-2300"]
[Site "SchemingMind.com"]
[Date "2016.01.09"]
[Round "-"]
[White "DANDYLIONHONEYBADGER"]
[Black "Eric Caesar"]
[Result "0-1"]
[WhiteCountry "USA"]
[BlackCountry "NED"]
[WhiteElo "1309"]
[WhiteRD "68"]
[BlackElo "1893"]
[BlackRD "75"]
[GameID "393210"]

1. Nc3 e6 2. Nf3 d5 3. e4 dxe4 4. Nxe4 Be7 5. c3 Nf6 6. d3 O-O 7. Bf4 b6 8. g3 Bb7 9. Nfd2 Nbd7 10. d4 c5
11. Bd3 cxd4 12. cxd4 Nd5 13. h4 Nxf4 14. gxf4 f5 15. Ng5 Bxg5 16. Rh3 Bxf4 17. Nc4 Bg2 18. Rf3 Bxf3 19. Qxf3 Qxh4 20. Ke2 Qg4
21. Ne3 Qxf3+ 22. Kxf3 Bxe3 23. Kxe3 Rac8 24. Ba6 f4+ 25. Kf3 Rc2 26. Bd3 Rxb2 27. a4 e5 28. d5 Nf6 29. d6 Rd8 30. a5 Rxd6
31. Bc4+ Kf8 32. axb6 axb6 33. Ra8+ Ke7 34. Ra7+ Rd7 35. Ra3 g5 36. Kg2 Rdd2 37. Ra7+ Kd6 38. Kh3 Rxf2
0-1

[Event "Winter Tournament 2015/16  1500-2300"]
[Site "SchemingMind.com"]
[Date "2016.01.04"]
[Round "-"]
[White "Eric Caesar"]
[Black "flyinduck"]
[Result "0-1"]
[WhiteCountry "NED"]
[BlackCountry "CAN"]
[WhiteElo "1865"]
[WhiteRD "65"]
[BlackElo "2064"]
[BlackRD "54"]
[GameID "393211"]

1. e4 Nf6 2. Nc3 e5 3. Nf3 Nc6 4. Bb5 Nd4 5. Ba4 Nxf3+ 6. Qxf3 Bc5 7. O-O O-O 8. d3 h6 9. Be3 Bb6 10. Bxb6 axb6
11. Bb3 d6 12. h3 Be6 13. Qe2 Nd7 14. f4 Bxb3 15. axb3 Rxa1 16. Rxa1 exf4 17. Rf1 g5 18. Qh5 Kg7 19. h4 Ne5 20. d4 Ng6
21. e5 dxe5 22. Rd1 exd4 23. Ne4 Nxh4 24. Nf2 Qd5 25. Qg4 Rd8 26. Rd3 c5 27. Rh3 f5
0-1

[Event "Winter Tournament 2015/16  1500-2300"]
[Site "SchemingMind.com"]
[Date "2016.01.04"]
[Round "-"]
[White "flyinduck"]
[Black "Eric Caesar"]
[Result "1-0"]
[WhiteCountry "CAN"]
[BlackCountry "NED"]
[WhiteElo "2083"]
[WhiteRD "52"]
[BlackElo "1888"]
[BlackRD "66"]
[GameID "393212"]

1. d4 e6 2. e4 d5 3. Nc3 Bb4 4. e5 c5 5. a3 Bxc3+ 6. bxc3 Qa5 7. Bd2 Qa4 8. Qg4 Kf8 9. Qd1 b6 10. c4 Ba6
11. cxd5 Bxf1 12. Kxf1 Qc4+ 13. Qe2 Qxe2+ 14. Nxe2 exd5 15. c3 c4 16. a4 Nc6 17. Bc1 Nge7 18. Ba3 Kg8 19. Bxe7 Nxe7 20. f4 h5
21. a5 Kh7 22. Kf2 Rhb8 23. Rhb1 b5 24. g3 a6 25. h3 g6 26. g4 hxg4 27. hxg4 Kg7 28. Ng3 Rh8 29. f5 Nc6 30. f6+ Kg8
31. Kg2 Rb8 32. Ne2 g5 33. Ng3 Rh4 34. Kf3 Rh2 35. Rh1 Rxh1 36. Rxh1 b4 37. cxb4 Rxb4 38. Nf5 c3 39. Ke3 c2 40. Rc1 Rc4
41. Kd2 Nxd4 42. Nxd4 Rxd4+ 43. Kxc2 Rxg4 44. Kd3 Ra4 45. Rc8+
1-0